000 01020cam a2200313 i 4500
001 20693838
003 ARRUPE
005 20221129151403.0
008 181002s2018 enk 000 0 eng
010 _a 2018288739
020 _a0198417918
020 _a9780198417910
020 _z9780198417941
_q(Kindle edition)
028 _bArrupe
040 _aDLC
_beng
_cDLC
_erda
_dDLC
042 _apcc
050 0 0 _aLB1027.4
_b.B68 2018
100 1 _aBott, Gemma,
_eauthor.
_952096
245 1 0 _aOxford teaching guides how to create great lessons :
_b100 tools for planning /
_cGemma Bott.
246 3 0 _aHow to create great lessons
300 _a224 pages ;
_c22 cm.
490 0 _aOxford teaching guides.
650 0 _aLesson planning.
_952097
650 0 _aTime management.
_944259
650 0 _aActive learning.
_952098
906 _a0
_bibc
_corigres
_d2
_encip
_f20
_gy-gencatlg
942 _2lcc
_cMONOGRAPH
999 _c131599
_d131599